000 00416nam a2200157Ia 4500
003 Ost
005 20260225132549.0
008 260225s9999||||xx |||||||||||||| ||und||
040 _cfsic
041 _afre
082 _a440
100 _aM.L. Benhassine
_eAuteur
245 0 _adeux étude sur la pensée économique d'abderrahmane eben khaldoun dans el moquadima /
245 0 _cM.L. Benhassine
942 _cكتاب
999 _c34057
_d34057